000 00628nam a2200193 i 4500
001 30970
003 ES-MaACL
005 20230906154301.0
007 t|
008 030128s1966 sp ||||1| spa d
100 1 _aBatllori, Miguel.
_926460
245 1 3 _aLa cultura hispano-italiana de los jesuitas expulsos
_b: españoles-hispanoamericanos-filipinos, 1767-1814 /
_cMiguel Batllori.
260 _aMadrid :
_bGredos,
_c[1966]
300 _a698 p. ;
_c20 cm.
490 1 _aBiblioteca románica hispánica
830 0 _aBiblioteca románica hispánica
_9180746
852 _aES-MaACL
_jC-32779
_bR.62960
999 _c30970
_d30970